000 05834nam a2200589 a 4500
005 20080222181840.0
008 080825t xxu||||| |||| 00| 0 eng d
010 _aB-276696-721
020 _a8131715639
_c399.00
035 _aB-276696-721
037 _bUBH
040 _aDPL
_bENG
082 _a005.3
100 _aMcFedries, Paul
245 _aTricks of the Microsoft Office 2007 gurus /
_cby Paul McFedries
260 _aDelhi
_bPearson Education
_c2007.
300 _axiv, 481 p.
_bill.
_c23 cm (pbk)
500 _aIncludes index
505 _aText tricks -- Formatting tricks -- Document tricks -- Page layout tricks -- Formula and function tricks -- Workbook and worksheet tricks -- Data analysis tricks -- Chart tricks -- Slide and presentation tricks -- Animation tricks -- Slide show tricks -- Email tricks -- Calendar and contacts tricks -- Table and query tricks -- Form and report tricks -- Working with VBA macros -- Office 2007 keyboard shortcuts.
650 _aBusiness
_xComputer programs
856 _3Table of contents only
_uhttp://www.loc.gov/catdir/toc/ecip0714/2007013344.html
942 _2ddc
_cEN
_h005.3
_mMCF
999 _c15053
_d15053